Library of the University of Algiers 3
Ibrahim Sultan Cheibout
شعار جامعة الجزائر 3
مكتبة جامعة الجزائر 3
إبراهيم سلطان شيبوط

مبادئ علم الاقتصاد / (رقم التسجيلة. 46098)

تفاصيل مارك
000 -LEADER
fixed length control field 01105nam a2200193Ia 4500
003 - CONTROL NUMBER IDENTIFIER
control field Ost
005 - DATE AND TIME OF LATEST TRANSACTION
control field 20260507075737.0
008 - FIXED-LENGTH DATA ELEMENTS--GENERAL INFORMATION
fixed length control field 260507s9999||||xx |||||||||||||| ||und||
040 ## - CATALOGING SOURCE
Transcribing agency fsecg
041 ## - LANGUAGE CODE
Language code of text/sound track or separate title ara
082 ## - DEWEY DECIMAL CLASSIFICATION NUMBER
Classification number 330
100 ## - MAIN ENTRY--PERSONAL NAME
Personal name زيتون، أحمد ضياء الدين
Relator term مؤلف
245 #0 - TITLE STATEMENT
Title مبادئ علم الاقتصاد /
Statement of responsibility, etc. أحمد ضياء الدين زيتون
260 ## - PUBLICATION, DISTRIBUTION, ETC.
Place of publication, distribution, etc. الاسكندرية:
Name of publisher, distributor, etc. دار المعرفة الجامعية,
Date of publication, distribution, etc. 2004
300 ## - PHYSICAL DESCRIPTION
Extent 384 صفحة؛
Other physical details إيضاحات ؛
Dimensions 23 سم
520 ## - SUMMARY, ETC.
Summary, etc. أساسيات في علم الاقتصاد-التنظيمات الاقتصادية-نظريات الاستهلاك وتحليل سلوك المستهلك-الطلب-العرض-كيفية تحديد الأسعار-الانتاج-التكاليف الإنتاجية-تسعير السلع في سوق المنافسة الكاملة والإحتكار-الدخل القومي-تحديد الدخل القومي-مقدمة في النقود والبنوك-التضخم-التجارة الخارجية
653 ## - INDEX TERM--UNCONTROLLED
Uncontrolled term علم الاقتصاد
942 ## - ADDED ENTRY ELEMENTS (KOHA)
Koha item type كتب
المقتنيات
Withdrawn status Lost status Source of classification or shelving scheme Damaged status Not for loan Home library Current library Date acquired Serial enumeration / chronology Inventory number Total checkouts Full call number Barcode Date last seen Price effective from Koha item type
    Library of Congress Classification   NOT LOAN / إعارة داخلية مكتبة كلية العلوم الإقتصادية والعلوم التجارية وعلوم التسيير مكتبة كلية العلوم الإقتصادية والعلوم التجارية وعلوم التسيير 07/05/2026 الطابق الأرضي 1248/1   أ/1248ن1 1248/1 07/05/2026 07/05/2026 كتب
    Dewey Decimal Classification   Available مكتبة كلية العلوم الإقتصادية والعلوم التجارية وعلوم التسيير مكتبة كلية العلوم الإقتصادية والعلوم التجارية وعلوم التسيير 07/05/2026 الطابق الأرضي 1248/2   أ/1248ن2 1248/2 07/05/2026 07/05/2026 كتب
    Dewey Decimal Classification   Available مكتبة كلية العلوم الإقتصادية والعلوم التجارية وعلوم التسيير مكتبة كلية العلوم الإقتصادية والعلوم التجارية وعلوم التسيير 07/05/2026 الطابق الأرضي 1248/3   أ/1248ن3 1248/3 07/05/2026 07/05/2026 كتب
    Dewey Decimal Classification   Available مكتبة كلية العلوم الإقتصادية والعلوم التجارية وعلوم التسيير مكتبة كلية العلوم الإقتصادية والعلوم التجارية وعلوم التسيير 07/05/2026 الطابق الثاني 1248/4   أ/1248ن4 1248/4 07/05/2026 07/05/2026 كتب
    Dewey Decimal Classification   Available مكتبة كلية العلوم الإقتصادية والعلوم التجارية وعلوم التسيير مكتبة كلية العلوم الإقتصادية والعلوم التجارية وعلوم التسيير 07/05/2026 الطابق الثاني 1248/5   أ/1248ن5 1248/5 07/05/2026 07/05/2026 كتب

موارد الويب المفتوحة


© University of Algiers 3 All Rights Reserved
|
Implemented by LECHELAH Riad